La divina comedia

Saved in:
Bibliographic Details
Main Author: Alighieri, Dante (autor)
Format: Book
Language:Spanish
Published: Madrid Espasa Calpe 1999
Edition:20a. ed
Series:Colección Austral. Poesía, 333
Subjects:
Tags: Add Tag
No Tags, Be the first to tag this record!

MARC

LEADER 00000nam a2200000 a 4500
001 UCO8602
003 CL-VaPUC
008 001215e19990000SP |||||||||||||||||spa|d
082 0 4 |a 851  |b ALI  |2 21 
100 |a Alighieri, Dante  |e autor  |9 396 
245 1 3 |a La divina comedia 
250 |a 20a. ed 
300 |a 529 p 
942 |c BK 
945 |d 20001215 00:00:00  |a vberengu 
260 |a Madrid  |b Espasa Calpe  |c 1999 
650 0 |a Poesías épicas italianas  |9 265486 
650 0 |a Poesías italianas  |9 265352 
650 0 |a Literatura italiana  |9 266970 
583 |a last modification  |c 20001215 00:00:00  |k Rodrigo Vera 
490 0 |a Colección Austral. Poesía, 333 
999 |c 293178  |d 293176 
952 |0 0  |1 0  |4 0  |6 851_000000000000000_ALI_1999  |7 0  |8 A  |9 344512  |a FDOPOS  |b FDOPOS  |d 2019-11-20  |i 3677753  |o 851 ALI 1999  |p 3677753  |r 2025-01-22  |w 2019-11-20  |y BK  |k MLH